书目信息 |
| 题名: |
世界文化之谜
|
|
| 作者: | 徐晓光 , 高峥 著 | |
| 分册: | ||
| 出版信息: | 北京 文化艺术出版社 1987 |
|
| 页数: | 184页 | |
| 开本: | 19cm | |
| 丛书名: | 文化生活丛书 | |
| 单 册: | ||
| 中图分类: | K103 , G1 | |
| 科图分类: | ||
| 主题词: | 文化史--世界 , 文化遗迹-考古--世界 , 考古-文化遗迹--世界 , 文化事业--概况--世界 , 文化事业--基本建设 | |
| 电子资源: | ||
| ISBN: | ||
| 000 | 00828oam2 2200313 450 | |
| 001 | 1562688883 | |
| 005 | 20150125172520.10 | |
| 010 | @dCNY1.55 | |
| 091 | @a7228.020 | |
| 100 | @a19901031d1987 em y0chiy0110 ea | |
| 101 | 0 | @achi |
| 102 | @aCN@b110000 | |
| 105 | @af z 000yy | |
| 200 | 1 | @a世界文化之谜@Ashi jie wen hua zhi mi@f徐晓光, 高峥著 |
| 210 | @a北京@c文化艺术出版社@d1987 | |
| 215 | @a184页@c图@d19cm | |
| 225 | 2 | @a文化生活丛书 |
| 461 | 0 | @12001 @a文化生活丛书 |
| 606 | 0 | @a文化史@y世界 |
| 606 | 0 | @a文化遗迹-考古@y世界 |
| 606 | 0 | @a考古-文化遗迹@y世界 |
| 606 | 0 | @a文化事业@x概况@x世界 |
| 606 | 0 | @a文化事业@x基本建设 |
| 690 | @aK103@v3 | |
| 690 | @aG1@v4 | |
| 701 | 0 | @a徐晓光@Axu xiao guang@4著 |
| 701 | 0 | @a高峥@Agao zheng@4著 |
| 801 | 0 | @aCN@bNLC@c20101222 |
| 905 | @aZUCC@dG1@eJY3 | |
| 世界文化之谜/徐晓光, 高峥著.-北京:文化艺术出版社,1987 |
| 184页:图;19cm.-(文化生活丛书) |
| ISBN :CNY1.55 |
| ● |
| 相关链接 |
|
|
|
|
正题名:世界文化之谜
索取号:G1/JY3
 
预约/预借
| 序号 | 登录号 | 条形码 | 馆藏地/架位号 | 状态 | 备注 |
| 1 | 7854048 | 278540483 | 学院路分馆/ [索取号:G1/JY3] | 在馆 |